00839nam a2200205Ia 4500952011600000999001700116005001700133008004100150020001500191050002300206100002800229245015300257260003100410300002400441500002300465519006000488650004100548700003200589942001200621 00102lcc4070a22b22d2009-08-17l1oTK7888.3 M28 1970p06 000641r2016-05-12s2016-05-12t1w2012-06-26yLB c65152d6515220231102150855.0120626s1970 mx 000 0 spa d a9681808258 aTK7888.3bM28 1970 aMaley, Gerald A.eautor aIntroducción a las computadoras digitales b: técnicas de operación, diseño lógico, programaciónc/ Gerald A. Maley, Melvin F. Heilweil aMéxicob: Limusac, 1970 a278 páginasb: il aReimpresión 1986 aMaterial Complementario /bInformática /d(06 000641) aCOMPUTADORAS ELECTRONICASxDIGITALES aHeilweil, Melvin Fecoautor cLB2lcc